(28) - 50 villes les plus peuplées d'Eure-et-Loir (28) - Statistiques

Statistiques générales
  • Ce quiz a été pris 19 fois
  • Le résultat moyen est 17 sur 50
Statistiques - réponses
nombre d'habitant ville % Correct
38 324 Chartres
100%
12 830 Châteaudun
88%
31 543 Dreux
88%
9 292 Nogent-le-Rotrou
88%
15 921 Lucé
75%
4 494 Maintenon
75%
5 715 Épernon
69%
10 629 Mainvilliers
69%
3 230 Brou
56%
12 310 Vernouillet
50%
2 641 Châteauneuf-en-Thymerais
44%
2 791 Courville-sur-Eure
44%
3 210 Illiers-Combray
44%
5 685 Lèves
44%
3 191 La Loupe
38%
6 945 Luisant
38%
4 021 Nogent-le-Roi
38%
3 045 Senonches
38%
1 742 Barjouville
31%
4 868 Bonneval
31%
1 785 Brezolles
31%
5 607 Cloyes-les-Trois-Rivières
31%
2 696 Hanches
31%
4 009 Les Villages Vovéens
31%
2 115 Saint-Prest
31%
2 640 Toury
31%
2 077
25%
3 643 Champhol
25%
3 530 Gallardon
25%
2 464 Janville-en-Beauce
25%
1 988 Jouy
25%
4 038 Le Coudray
25%
2 788 Pierres
25%
4 116 Saint-Lubin-des-Joncherets
25%
1 855 Amilly
19%
6 419 Auneau-Bleury-Saint-Symphorien
19%
1 935 Morancez
19%
3 609 Vald'Yerre
19%
4 058 Saint-Rémy-sur-Avre
13%
1 959 Sours
13%
2 434 Abondant
6%
2 721 Anet
6%
1 705 Béville-le-Comte
6%
2 086 Saint-Denis-Lanneray
6%
2 797 Saint-Georges-sur-Eure
6%
1 780 Villemeux-sur-Eure
6%
2 197 Arcisses
0%
1 842 Cherisy
0%
1 758 Sorel-Moussel
0%
2 206 Tremblay-les-Villages
0%
Aucun quiz correspondant
Distribution des résultats
% des personnes avec chaque résultat
Percentile par nombre de réponses
Votre historique - résultats
Vous n’avez pas pris ce quiz